8 grands joueurs qui ont failli perdre la vie - Statistiques

Statistiques générales
  • Ce quiz a été pris 49 fois
  • Le résultat moyen est 2 sur 8
Statistiques - réponses
Cause Joueur % Correct
Accident de voiture Cristiano Ronaldo
63%
Accident de voiture Neymar
51%
Choc de la tête Petr Cech
27%
Choc de tête Fernando Torres
24%
Tuberculose Thiago Silva
5%
Maladie Virgile van Dijk
5%
Accident de la vie courante Kaka
0%
Tempête Peter Crouch
0%
Aucun quiz correspondant
Distribution des résultats
% des personnes avec chaque résultat
Percentile par nombre de réponses
Votre historique - résultats
Vous n’avez pas pris ce quiz